000 01010cam a22003015a 4500
001 014777492
003 EG-ScBUE
005 20220628140201.0
008 080925s2009 enka f b 001 0 eng d
020 _a9781405187862 (pbk.)
020 _a1405187867 (pbk.)
040 _aStDuBDS
_beng
_erda
_cStDuBDS
_dEG-ScBUE
082 0 4 _a420.9
_222
_bHAN
245 0 4 _aThe handbook of the history of English /
_cedited by Ans van Kemenade, Bette Lou Los.
264 1 _aWest Sussex, England :
_bBlackwell Publishing,
_c2009.
300 _axvi, 655 pages :
_billustrations ;
_c24 cm
336 _2rdacontent
_atext
_btxt
337 _2rdamedia
_aunmediated
_bn
338 _2rdacarrier
_avolume
_bnc
504 _aIncludes bibliographical references and index.
650 7 _aEnglish language
_xHistory.
_2BUEsh
_917107
651 _2BUEsh
653 _cApril2016
_bHHUUEENN
655 _vReading book
_934232
700 1 _aKemenade, Ans van,
_d1954-
_eeditor.
700 1 _aLos, Bettelou,
_eeditor.
942 _2ddc
_cBB
999 _c21579
_d21551